00579nam a2200217 a 450000100060000000300090000600800410001502000150005604000280007108200170009910000210011624500430013726000320018030000090021250000240022165000270024565000260027265000220029865000200032065000210034022133CO-ViMGA141112s2004 ck r 000 u spa d a8434466619 aCO-ViMGAbspacCO-ViMGA04a913.38 S321g1 aSiebler, Michael10aLa guerra de troya : bmito y realidad aBarcelona : bAriel, c2002 a159p aGrandes Batallas. 14aARTE GRIEGO - HISTORIA14aCIVILIZACIÓN GRIEGA14aGRECIA - HISTORIA14aGUERRA DE TROYA14aMITOLOGIA GRIEGA